| 000 | 00417cam a2200145ua 4500 | ||
|---|---|---|---|
| 041 |
_aeng _h |
||
| 082 |
_a828.09 _bSTO/AR |
||
| 100 | _aStoll, Elmer dyan . | ||
| 245 |
_aArt and artifice in Shakespeare a study in dramati contrast and illusion / _cElmar dyan stoll. _hTextual Documents |
||
| 260 |
_aLondon : _bMethuen and Co. Ltd , _c1933. |
||
| 300 | _a178 ; . | ||
| 504 | _a | ||
| 942 | _cBK | ||
| 999 |
_c3503 _d3503 |
||